000 00338nam a2200133Ia 4500
008 220216s9999 xx 000 0 und d
100 _aSivakumaran S
245 0 _aProspects of puncture tapping in specific areas
260 _bPlanters Bulletin
_c1984
300 _a59-64
650 _aHevea
650 _aPuncture tapping
942 _cJS
999 _c66038
_d66038